000 00314cam a22001097a 4500
008 180718b1987 xxu||||| |||| 00| 0 eng d
082 _aW533x5433 J78
100 _aJoshi, Amardeep Singh
245 _aEconomics of irrigation
_cby Amardeep Singh Joshi
260 _aLudhiana
_bGagan Publishers
_c1987
300 _a198+p.
999 _c428033
_d428033